BIBLIOTHÈQUE DE LA MAISON DU MEXIQUE

Logo 1 Logo 2

Marcha al imperio de la caoba (notice nᵒ 2463)

détails MARC
000 -Sello discográfico
campo de control de longitud fija 00920nam a2200325 4500
005 - Identificación de versión
campo de control 20251017062734.0
035 ## - Otros números de control del sistema
Número de control del sistema 23312
099 ## - fechas locales
Tipo de ítem Koha LIBRO
100 ## - Datos de procesamiento general
Datos de procesamiento general 19980107d1973 m y1spay5003 ba
101 1# - Idioma del recurso
Idioma del texto, banda sonora, etc. Español; Castellano
Idioma de la obra original Inglés
105 ## - Campo de datos codificados: Material textual, monográfico
Datos codificados de monografía y 000ay
200 1# - Título y mención de responsabilidad
Título propio Marcha al imperio de la caoba
Designación general del material texto impreso
Primer mención de responsabilidad Bruno Traven
Declaración de responsabilidad subsiguiente traducción Rosa Elena Luján
205 ## - Declaración de edición
Declaración de edición 1a ed
210 ## - Publicación, distribución, etc.
Lugar de publicación, distribución, etc. México
Nombre del editor, distribuidor, etc. Editorial Diana
Fecha de publicación, distribución, etc. 1973
215 ## - Descripción física
Designación de material específico y extensión del ítem 221 p
Dimensiones 22 cm
345 ## - Nota de información de adquisición
Fuente de adquisición/dirección de la suscripción [OBSOLETO] Donación
410 #1 - Series
Título Novelistas mexicanos
Número de volumen 16
454 #1 - Traducción de
Título March to the monteria
606 ## - Término temático usado como materia
Elemento de entrada Novela mexicana
Subdivisión cronológica Siglo XX
Número Koha 64
660 ## - Código de área geográfica
Código MX
700 ## - Nombre personal - Responsabilidad primaria
Elemento de entrada Traven
Parte del nombre distinta del elemento de entrada Bruno
Fechas 1890-1969
Número Koha 2879
702 ## - Nombre personal - Responsabilidad secundaria
Elemento de entrada Luján
Parte del nombre distinta del elemento de entrada Rosa Elena
Fechas 1915-2009
Número Koha 5668
801 #0 - Fuente de origen
Agencia cm
900 ## -
-- 1/15282
900 ## -
-- 710986849\\070198
942 ## - ELEMENTOS DE ENTRADA SECUNDARIOS (KOHA)
Tipo de ítem Koha Livre
996 ## -
-- MEX
-- 751145101
-- MMAG
-- 009767
-- 863.4 T779M
-- 20240226LIV
Exemplaires
Estatus retirado Estado de daño Estado de pérdida Fecha de adquisición Biblioteca de origen Biblioteca actual Ubicación en estantería Código de barras Precio de reemplazo Signatura topográfica completa No para préstamo Tipo de ítem Koha Nota pública Nota no pública
      05/08/2025 Casa México Paris Casa México Paris   009767 05/08/2025 863.4 T779M   Livre 20240226LIV 751145101